000 00501nam a2200169Ia 4500
008 090711s9999 xx 000 0 und d
082 _b478
100 _aपोतदार मधू
245 _aविनोदवgक्ष
260 _bमंजुल प्रकाशन
_c1999
300 _a320
600 _aपोतदार मधू
630 _aविनोदवgक्ष
700 _aपोतदार मधू
730 _aविनोदवgक्ष
942 _cBOOK
999 _c335426
_d335426